00388nam a2200121Ia 4500008004100000245012500041260001700166260000900183300000900192650002300201650001200224856003000236170516s9999 xx 000 0 und d aHighly Effective Auger-Electron Therapy in an Orthotopic Glioblastoma Xenograft Model using Convection-Enhanced Delivery bTheranostics c2016 a6:12 xMedical Technology xMedtech uhttp://www.thno.org/v6i12